000
00314nam a22001337a 4500
008
171002b xxu||||| |||| 00| 0 eng d
020
_a
9780325000916
041
_a
eng
080
_a
37
100
_a
47
101
_a
EDU
245
_a
BEST PRACTICE NEW TEACHING AND LEARNING
_c
ZEMELMAN.S
942
_2
udc
_c
BK
999
_c
31062
_d
31062